000 00559nam a2200193Ia 4500
005 20260120124637.0
008 008 260114s9999 xx 000 0 eng d
020 _a9780762308545
037 _aEBOOK
040 _aCRL
_beng
_cCRL
041 _aeng
_2eng
084 _qCRL
245 4 _aThe Environmental State Under Pressure
260 _bEmerald Publishing
_c2002
700 _aFrederick H. Buttel
_9908760
856 _uhttps://www.emerald.com/insight/publication/doi/10.1016/S0196-1152(2002)10
942 _cEBOOK
999 _c1500668
_d1500668